Catálogo

Vista normal Vista MARC

Entrada Personal Name

Número de registros utilizados en: 1

001 - CONTROL NUMBER

  • control field: 17538

003 - CONTROL NUMBER IDENTIFIER

  • control field: DLC

005 - DATE AND TIME OF LATEST TRANSACTION

  • control field: 20251001152823.0

008 - FIXED-LENGTH DATA ELEMENTS

  • fixed length control field: 820326n| azannaabn |a aaa

010 ## - LIBRARY OF CONGRESS CONTROL NUMBER

  • LC control number: n 82024726

035 ## - SYSTEM CONTROL NUMBER

  • System control number: (OCoLC)oca00721906

040 ## - CATALOGING SOURCE

  • Original cataloging agency: DLC
  • Language of cataloging: spa
  • Transcribing agency: Mx-PuUPA
  • Modifying agency: DLC
  • Modifying agency: OCoLC
  • Description conventions: rda
  • Modifying agency: DNLM
  • Modifying agency: WU
  • Modifying agency: Mx-PuUPA

046 ## - SPECIAL CODED DATES

  • Birth date: 18300101
  • Death date: 19220401

100 1# - HEADING--PERSONAL NAME

  • Personal name: Peñafiel, Antonio,
  • Dates associated with a name: 1830-1922

370 ## - ASSOCIATED PLACE

  • Place of birth: Atotonilco el Grande, Hidalgo

374 ## - OCCUPATION

  • Occupation: Autor
  • Occupation: Polígrafo

375 ## - GENDER

  • Gender: hombre

377 ## - ASSOCIATED LANGUAGE

  • Language code: spa

400 1# - SEE FROM TRACING--PERSONAL NAME

  • Control subfield: nne
  • Personal name: Peñafiel, Antonio,
  • Dates associated with a name: 1831-1922

400 1# - SEE FROM TRACING--PERSONAL NAME

  • Personal name: Peñafiel Barranco, Antonio,
  • Dates associated with a name: 1830-1922

400 1# - SEE FROM TRACING--PERSONAL NAME

  • Personal name: Barranco, Antonio Peñafiel,
  • Dates associated with a name: 1830-1922

670 ## - SOURCE DATA FOUND

  • Source citation: His Nombres geográficos de México, 1993:
  • Information found: t.p. (Antonio Peñafiel) introd. (Antonio Peñafiel Barranco; b. Atotonilco el Grande, now in Hidalgo State, 1-1-1830; d. Mexico City, 4-1-1922 at age 92)

670 ## - SOURCE DATA FOUND

  • Source citation: Nombres geográficos de México, 1885:
  • Information found: t.p. (Dr. Antonio Peñafiel, encargado de la Dirección General de Estadística de la República Mexicana)

670 ## - SOURCE DATA FOUND

  • Source citation: Dicc. encic. de Méx. (Peñafiel, Antonio; 1830-1922; médico y historiador)